Marketing de fidelizacin̤

Bibliographic Details
Main Author: Schnarch Kirberg, Alejandro
Format: eBook
Language:Spanish
Series:Ciencias administrativas. Mercadeo y ventas.
Subjects:
Online Access:Acceso restringido

MARC

LEADER 00000nam a22000007a 4500
005 20120221143251.0
007 cr|||| ||||
008 120221s2011 co |||||s|||| 00||0 spa d
020 |a 978-958-648-742-9 
035 |a 6249 
040 |a vLex 
090 |c 3013  |d 3013 
100 1 |a Schnarch Kirberg, Alejandro 
245 1 0 |a Marketing de fidelizacin̤  |h [Recurso electrn̤ico] /  |c Alejandro Schnarch Kirberg  
256 |a Servicio en ln̕ea 
300 |a 1 recurso electrn̤ico 
490 0 |a Ciencias administrativas. Mercadeo y ventas.  
500 |a No se trata de pasar del marketing transaccional “tengo un producto, ¿a quiň se lo vendo?”, al del marketing relacional “tengo un cliente, ¿cm̤o y qu ̌le vendo?”, sino a “tengo un cliente, ¿cm̤o puedo ayudarle?”… El tener clientes satisfechos, ya no es suficiente: es necesario lograr sentimientos y conductas de lealtad, desarrollando programas de fidelidad. El marketing de fidelizacin̤ va ms̀ all ̀del servicio, la comunicacin̤, la relacin̤ o un CRM; se trata una actitud proactiva de una empresa por encontrar y desarrollar vn̕culos afectivos duraderos con sus clientes, para que sientan el producto o servicio como algo propio y quieran contribuir a su crecimiento y supervivencia. Sl̤o mediante esta filosofa̕ y estrategia se obtienen organizaciones competitivas, sostenibles y rentables. Pero casi todos los estudios sobre el tema, se han escrito en y para otras realidades, describiendo y analizando principios, herramientas y metodologa̕s muchas veces de difc̕il aplicacin̤ en nuestras naciones; se han copiado tc̀ticas, estrategias y programas de los pas̕es desarrollados que no siempre tienen aplicacin̤ prc̀tica a las condiciones existentes en Amřica Latina, porque los comportamientos, procesos, creencias, valores y/o expectativas son diferentes. Precisamente el gran aporte del doctor Schnarch es la forma en que analiza estos conceptos bajo una perspectiva latinoamericana, presentando el marketing de fidelizacin̤ como la n︢ica forma de obtener clientes satisfechos, leales y rentables. 
504 |a Incluye bibliografa̕  
506 1 |a Contenido solo disponible en los productos indicados  |d vLex Global   |d vLex Global (Academic Edition, excluding Law Schools)   |d vLex Global (U.S. Academic Edition, Law Schools)   |d vLex Global (U.S. Academic Edition, excluding Law Schools)   |d vLex Global (Academic Edition, Law Schools)  
650 0 4 |a Mr̀queting  |z Colombia 
740 0 |a vLex Libros (Servicio en ln̕ea) 
856 4 0 |u http://vlex.com/source/marketing-fidelizacion-6249  |z Acceso restringido 
942 |c BOOK 
999 0 |a Marketing